000
00259nmm a2200097Ia 4500
008
220120s9999||||xx |||||||||||||||||und||
082
_a
658.40388 LAU
100
_a
Loudon, Kenneth, C Laudon, Jane, P
245
0
_a
Management information Systems
260
_c
2007
999
_c
139346
_d
139346